banner-ar

الزيارات الميدانية فى مجالات الخدمة الاجتماعية / (Record no. 49335)

MARC details
000 -الفاتح
حقل البيانات ثابتة الطول 00466nam a2200133Ia 4500
008 - عناصر البيانات ثابتة الطول - معلومات عامة
حقل البيانات ثابتة الطول 140319s9999 xx 000 0 ara d
040 ## - مصدر الفهرسة
وكالة الفهرسة الأصلية GCL /
وكالة النسخ GCL
082 04 - رقم تصنيف ديوى العشرى
رقم التصنيف 361
رقم المادة س ز
100 1# - المدخل الرئيسى - إسم شخصى
الإسم الشخصى سميرة كامل محمد على
245 10 - بيان العنوان
العنوان الزيارات الميدانية فى مجالات الخدمة الاجتماعية /
بيان المسئوليه,etc سميرة كامل محمد على
300 ## - الوصف المادى
التعداد 252 ص
490 ## - بيان السلسلة
عنوان السلسلة الهيئة العامة للاستعلامات
رقم المجلد/ التعيين التسلسلي 0
Holdings
حالة التراجع حالة الفقد حالة تلف ليس للاعارة المكان المؤقت الموقع الحالى تاريخ الاكتساب اجمالي اﻻعارات رقم الطلب الباركود تاريخ اخر مشاهدة تاريخ تفعيل السعر نوع وعاء كوها
        مكتبة القاهرة الكبرى مكتبة القاهرة الكبرى 03/26/2014   361\س ز 118577 03/26/2014 03/26/2014 كتاب
        مكتبة القاهرة الكبرى مكتبة القاهرة الكبرى 03/26/2014   361\س ز 118578 03/26/2014 03/26/2014 كتاب

Powered By

EGPV